000 00759nam a22002177a 4500
005 20240615113156.0
008 240130b ||||| |||| 00| 0 eng d
040 _cAL
041 _aKonkani
082 _223
_a891.468
_bMANP
100 _aMangalore Diocese Ed
_9171015
245 _aPavitra Bible
_bಪವಿತ್ರ್ ಬೈಬಲ್
260 _aManglur
_bMangalore Diocese
_c2023
300 _ax,2232p.
_bHB
_c22x13cm.
365 _2Konkani
_aA 5989
_b420.00
_c
_d420.00
_e0
_f26-01-2024
650 _aKonkani Bible: ಕೊಂಕ್ಣಿ ಬೈಬಲ್
_9149291
650 _aHoly Bible
_9149358
650 _acatholic Bible
_9171016
700 _aMANGALORE DIOCESE: ಮಂಗ್ಳುರ್ ದಿಯೆಸೆಜ್ Ed
_9149292
942 _2ddc
_cBK
999 _c229686
_d229686